000 00449cam a2200169ua 4500
020 _a0 8493 3233 8
041 _aeng
_h
082 _a028.71631
_bFIN/CR
100 _aFinkel, Heuman J .
245 _aCRC hand book of irrigation technology vol-1 /
_cHeuman J Finkel.
_hTextual Documents
260 _aBocaratton :
_bCRC Press Inc. ,
_c2000.
300 _a369 ; .
504 _a
942 _cBK
999 _c9917
_d9917